[Event "11. Europa ch 2010 Femenino"]
[Site "Rijeka CRO"]
[Date "2010.03.12"]
[Round "7.41"]
[White "Paikidze, Nazi"]
[Black "Franciskovic, Borka"]
[Result "1/2-1/2"]
[WhiteElo "2322"]
[BlackElo "2245"]
[PlyCount "51"]
[EventDate "2010.03.06"]
[EventType "swiss"]
[EventRounds "11"]
[EventCountry "CRO"]
[Source "lmi"]
[SourceDate "2010.03.06"]

1. e4 c6 2. d4 d5 3. Nc3 dxe4 4. Nxe4 Bf5 5. Ng3 Bg6 6. h4 h6 7. Nf3 e6 8. h5
Bh7 9. Bd3 Bxd3 10. Qxd3 Nf6 11. Bd2 Be7 12. O-O-O O-O 13. Qe2 c5 14. dxc5 Qc7
15. Ne4 Nbd7 16. Kb1 Nxe4 17. Qxe4 Nf6 18. Qe2 Qxc5 19. Be3 Qa5 20. Nd4 Rac8
21. Nb3 Qc7 22. Bd4 b5 23. Be5 Qb7 24. Rh3 Rfd8 25. Re1 Qd5 26. Rd3 1/2-1/2

[Event "11. Europa ch 2010 Femenino"]
[Site "Rijeka CRO"]
[Date "2010.03.12"]
[Round "7.42"]
[White "Kochetkova, Julia"]
[Black "Papadopoulou, Vera"]
[Result "1/2-1/2"]
[WhiteElo "2313"]
[BlackElo "2228"]
[PlyCount "96"]
[EventDate "2010.03.06"]
[EventType "swiss"]
[EventRounds "11"]
[EventCountry "CRO"]
[Source "lmi"]
[SourceDate "2010.03.06"]

1. e4 d5 2. exd5 Qxd5 3. Nf3 Nf6 4. d4 c6 5. c4 Qa5+ 6. Nbd2 g6 7. Bd3 Bg7 8.
O-O O-O 9. Re1 Qc7 10. b3 c5 11. Bb2 cxd4 12. Bxd4 Nc6 13. Bc3 Bg4 14. h3 Bxf3
15. Nxf3 Rad8 16. Qc2 Rd7 17. Ne5 Nxe5 18. Bxe5 Qc6 19. Be2 Rfd8 20. Bf3 Qc5
21. Re2 Ne8 22. Rae1 Bxe5 23. Rxe5 Qa3 24. Qc3 a6 25. h4 e6 26. R5e2 Rc7 27.
Qe3 Qa5 28. g3 h5 29. Qf4 Rcd7 30. Qh6 Ng7 31. Be4 Rd1 32. Rxd1 Rxd1+ 33. Kg2
Rd7 34. Qg5 Qb4 35. Qe5 Qe7 36. Qa5 Ne8 37. Bf3 Ng7 38. Rd2 Rxd2 39. Qxd2 Nf5
40. b4 e5 41. Qd5 Qxb4 42. c5 Qb2 43. Qxb7 Ne3+ 44. Kg1 Qc1+ 45. Kh2 Qc2 46.
Kg1 Qc1+ 47. Kh2 Qc2 48. Kg1 Qc1+ 1/2-1/2

[Event "11. Europa ch 2010 Femenino"]
[Site "Rijeka CRO"]
[Date "2010.03.12"]
[Round "7.43"]
[White "Butuc, Maria"]
[Black "Zakurdjaeva, Irina"]
[Result "1-0"]
[WhiteElo "2194"]
[BlackElo "2313"]
[PlyCount "113"]
[EventDate "2010.03.06"]
[EventType "swiss"]
[EventRounds "11"]
[EventCountry "CRO"]
[Source "lmi"]
[SourceDate "2010.03.06"]

1. Nf3 c5 2. c4 Nc6 3. Nc3 e5 4. e3 f5 5. d4 e4 6. d5 Nb8 7. Nd2 Nf6 8. f3 Bd6
9. Nb5 Qe7 10. Nxd6+ Qxd6 11. f4 b5 12. b3 O-O 13. Be2 bxc4 14. bxc4 Qe7 15.
Bb2 d6 16. O-O Nbd7 17. Qc2 Nb6 18. a4 Rb8 19. Rfb1 Bd7 20. a5 Na8 21. Bc3 Nc7
22. Rxb8 Rxb8 23. Rb1 Qd8 24. g4 Rxb1+ 25. Qxb1 Nxg4 26. Bxg4 fxg4 27. Qxe4 Ne8
28. Qb1 Qe7 29. e4 Qf7 30. Qf1 h5 31. Qf2 Qe7 32. e5 Bf5 33. Nf1 Bd3 34. Ne3
Qb7 35. Qb2 Qf7 36. Qb8 Kh7 37. Bd2 Qe7 38. a6 Qh4 39. Qxe8 g3 40. hxg3 Qxg3+
41. Ng2 Qf3 42. Qe7 Be4 43. Qg5 Qd1+ 44. Be1 Bxg2 45. Kxg2 Qxe1 46. Qxh5+ Kg8
47. Qe8+ Kh7 48. Qh5+ Kg8 49. exd6 Qe4+ 50. Kg3 Qxc4 51. Qe8+ Kh7 52. d7 Qd3+
53. Kh4 g5+ 54. Kxg5 Qxd5+ 55. Kf6 Qd4+ 56. Ke7 Qe4+ 57. Kf8 1-0

[Event "11. Europa ch 2010 Femenino"]
[Site "Rijeka CRO"]
[Date "2010.03.12"]
[Round "7.44"]
[White "Kadziolka, Beata"]
[Black "Makropoulou, Marina"]
[Result "1-0"]
[WhiteElo "2311"]
[BlackElo "2225"]
[PlyCount "65"]
[EventDate "2010.03.06"]
[EventType "swiss"]
[EventRounds "11"]
[EventCountry "CRO"]
[Source "lmi"]
[SourceDate "2010.03.06"]

1. d4 Nf6 2. c4 e6 3. Nf3 b6 4. g3 Bb7 5. Bg2 Be7 6. O-O O-O 7. Nc3 Ne4 8. Nxe4
Bxe4 9. b3 d5 10. cxd5 exd5 11. Bb2 Nd7 12. Rc1 Bd6 13. Rc6 Qe7 14. Qc1 Rae8
15. e3 f5 16. Ne5 Bxg2 17. Kxg2 Rf6 18. f4 Rh6 19. Qc2 Nf6 20. Qxf5 Bxe5 21.
dxe5 Ng4 22. Qxg4 Rxc6 23. Rf2 Qb4 24. Bd4 Rg6 25. Qf3 c6 26. f5 Rh6 27. Qg4
Qf8 28. e6 c5 29. f6 cxd4 30. f7+ Kh8 31. fxe8=Q Qxe8 32. Rf7 Rg6 33. e7 1-0

[Event "11. Europa ch 2010 Femenino"]
[Site "Rijeka CRO"]
[Date "2010.03.12"]
[Round "7.45"]
[White "Borosova, Zuzana"]
[Black "Umudova, Nargiz"]
[Result "1-0"]
[WhiteElo "2307"]
[BlackElo "2211"]
[PlyCount "141"]
[EventDate "2010.03.06"]
[EventType "swiss"]
[EventRounds "11"]
[EventCountry "CRO"]
[Source "lmi"]
[SourceDate "2010.03.06"]

1. e4 c5 2. Nf3 Nc6 3. Bb5 g6 4. Bxc6 bxc6 5. O-O Bg7 6. h3 Qb6 7. Nc3 e5 8. d3
Ne7 9. Na4 Qa5 10. c4 d6 11. a3 f5 12. Bd2 Qd8 13. Bc3 a5 14. Nd2 O-O 15. f4
fxe4 16. fxe5 d5 17. Rxf8+ Kxf8 18. dxe4 d4 19. Nf3 Bxh3 20. gxh3 dxc3 21.
Qxd8+ Rxd8 22. Nxc3 Bh6 23. Kf2 Bf4 24. Na4 Rb8 25. Rd1 g5 26. Rd3 h5 27. b3 g4
28. hxg4 hxg4 29. Nxc5 Kf7 30. e6+ Kg6 31. Nh4+ Kg5 32. Ng2 Bc1 33. Nd7 Re8 34.
b4 axb4 35. axb4 Ng6 36. b5 cxb5 37. cxb5 Nf4 38. Rc3 Rxe6 39. Rc5+ Kh6 40.
Nxf4 Bxf4 41. e5 Re7 42. Rd5 g3+ 43. Kf3 Rg7 44. Kxf4 g2 45. Rd1 Rxd7 46. Rg1
Rd2 47. Kf5 Kg7 48. b6 Rb2 49. b7 Rxb7 50. Rxg2+ Kf8 51. Kf6 Rb1 52. Rh2 Rf1+
53. Ke6 Ra1 54. Rh8+ Kg7 55. Rd8 Ra6+ 56. Rd6 Ra5 57. Rd5 Ra6+ 58. Ke7 Ra4 59.
Rd7 Ra8 60. Rc7 Kg6 61. e6 Rb8 62. Ra7 Rb1 63. Rd7 Ra1 64. Ke8 Ra8+ 65. Rd8 Ra7
66. e7 Kg7 67. Rd1 Ra8+ 68. Kd7 Ra7+ 69. Ke6 Ra6+ 70. Rd6 Ra8 71. Rd8 1-0

[Event "11. Europa ch 2010 Femenino"]
[Site "Rijeka CRO"]
[Date "2010.03.12"]
[Round "7.46"]
[White "Mammadova, Gulnar"]
[Black "Solic, Kristina"]
[Result "1-0"]
[WhiteElo "2299"]
[BlackElo "2192"]
[PlyCount "105"]
[EventDate "2010.03.06"]
[EventType "swiss"]
[EventRounds "11"]
[EventCountry "CRO"]
[Source "lmi"]
[SourceDate "2010.03.06"]

1. e4 c5 2. f4 d6 3. Nf3 g6 4. g3 Bg7 5. Bg2 Nc6 6. O-O e6 7. Nc3 Nge7 8. d3
O-O 9. Be3 b6 10. Qd2 Ba6 11. Rae1 Qd7 12. Bf2 Rae8 13. g4 f5 14. gxf5 exf5 15.
Bh3 d5 16. e5 Nd8 17. Bh4 Ne6 18. Ng5 Nc8 19. Rf2 d4 20. Ne2 Ne7 21. Bg2 Nxg5
22. Bxg5 Nd5 23. c3 Ne3 24. Bf3 h6 25. Bh4 Bxe5 26. fxe5 g5 27. cxd4 cxd4 28.
Bxg5 hxg5 29. Nxd4 Qxd4 30. Qxe3 Qxe3 31. Rxe3 f4 32. Re1 Bxd3 33. Rd2 Bc4 34.
b3 Be6 35. Rg2 Re7 36. Rxg5+ Rg7 37. Rxg7+ Kxg7 38. Rc1 Rf5 39. Rc7+ Rf7 40.
Rxf7+ Kxf7 41. Kf2 Kg6 42. Be4+ Kg5 43. Bd3 Bd7 44. b4 Be6 45. a3 Bd5 46. Bc2
Kg4 47. Bd3 Kg5 48. h3 Be6 49. Kg2 Bd5+ 50. Kh2 Be6 51. Be2 Kh4 52. Bg4 Bd5 53.
e6 1-0

[Event "11. Europa ch 2010 Femenino"]
[Site "Rijeka CRO"]
[Date "2010.03.12"]
[Round "7.47"]
[White "Calzetta Ruiz, Monica"]
[Black "Partac, Elena"]
[Result "1-0"]
[WhiteElo "2296"]
[BlackElo "2172"]
[PlyCount "85"]
[EventDate "2010.03.06"]
[EventType "swiss"]
[EventRounds "11"]
[EventCountry "CRO"]
[Source "lmi"]
[SourceDate "2010.03.06"]

1. e4 c5 2. Nf3 Nc6 3. d4 cxd4 4. Nxd4 g6 5. Nc3 Bg7 6. Be3 Nf6 7. Bc4 O-O 8.
Bb3 d6 9. f3 Bd7 10. h4 a5 11. a4 Nxd4 12. Bxd4 Be6 13. Nd5 Bxd5 14. exd5 Nd7
15. Bxg7 Kxg7 16. h5 Qb6 17. Qd2 Qb4 18. h6+ Kg8 19. Qxb4 axb4 20. Rh4 Nc5 21.
Rxb4 f5 22. Bc4 Kf7 23. Bb5 Kf6 24. Kd2 Kg5 25. Rh1 f4 26. g4 fxg3 27. Rg4+ Kf6
28. b4 Na6 29. Bxa6 bxa6 30. Re1 e5 31. dxe6 Ke7 32. Rxg3 Rf6 33. f4 Rc8 34.
Rc3 Rxc3 35. Kxc3 Rxf4 36. b5 a5 37. Rb1 Kxe6 38. b6 Rb4 39. Rxb4 axb4+ 40.
Kxb4 Kd7 41. Kc4 Kc6 42. a5 d5+ 43. Kd4 1-0

[Event "11. Europa ch 2010 Femenino"]
[Site "Rijeka CRO"]
[Date "2010.03.12"]
[Round "7.48"]
[White "Vojinovic, Jovana"]
[Black "Kouvatsou, Maria"]
[Result "1-0"]
[WhiteElo "2296"]
[BlackElo "2161"]
[PlyCount "101"]
[EventDate "2010.03.06"]
[EventType "swiss"]
[EventRounds "11"]
[EventCountry "CRO"]
[Source "lmi"]
[SourceDate "2010.03.06"]

1. d4 g6 2. c4 Bg7 3. Nf3 f5 4. g3 Nf6 5. Bg2 O-O 6. Nc3 c6 7. O-O d6 8. d5 a5
9. Nd4 Bd7 10. Re1 Qe8 11. b3 Na6 12. Na4 e5 13. dxe6 Bxe6 14. Nb6 Rd8 15. Bd2
Bf7 16. Bxa5 Ne4 17. e3 d5 18. Na4 Rd7 19. c5 Naxc5 20. Nb6 Rd6 21. Bb4 Qd8 22.
Na4 Ne6 23. Nxe6 Bxe6 24. Bxd6 Qxd6 25. Qc2 h5 26. Rac1 h4 27. Nc5 Bc8 28. Red1
Qe7 29. b4 Be5 30. Qb3 Bd6 31. Qd3 Nf6 32. Qd4 hxg3 33. hxg3 Kg7 34. Nd3 g5 35.
b5 Bd7 36. bxc6 bxc6 37. a4 Kg6 38. a5 Ng4 39. Rc2 Qh7 40. Kf1 Qh2 41. f3 f4
42. exf4 Qxg3 43. fxg4 Bxf4 44. Be4+ dxe4 45. Qxe4+ Kg7 46. Nf2 Bxg4 47. Rd3
Bf5 48. Qe7+ Rf7 49. Qxf7+ Kxf7 50. Rxg3 Bxg3 51. Rc3 1-0

[Event "11. Europa ch 2010 Femenino"]
[Site "Rijeka CRO"]
[Date "2010.03.12"]
[Round "7.49"]
[White "Kostiuk, Tatiana"]
[Black "Pavlidou, Ekaterini"]
[Result "1/2-1/2"]
[WhiteElo "2294"]
[BlackElo "2135"]
[PlyCount "65"]
[EventDate "2010.03.06"]
[EventType "swiss"]
[EventRounds "11"]
[EventCountry "CRO"]
[Source "lmi"]
[SourceDate "2010.03.06"]

1. d4 Nf6 2. Nf3 b6 3. g3 Bb7 4. Bg2 e6 5. c4 Be7 6. O-O O-O 7. Nc3 Ne4 8. Bd2
f5 9. d5 Bf6 10. Rc1 Na6 11. Be1 Nac5 12. Nd4 Qe7 13. Ndb5 a6 14. Nxc7 Bxc3 15.
Bxc3 Rac8 16. b4 Rxc7 17. bxc5 Nxc3 18. d6 Qf6 19. Qd3 Be4 20. Bxe4 fxe4 21.
Qxc3 Qxc3 22. Rxc3 Rxc5 23. Ra3 a5 24. Rb3 Rb8 25. Rfb1 Rc6 26. Rb5 Rxc4 27.
Rxb6 Rc1+ 28. Rxc1 Rxb6 29. Rc5 Rxd6 30. Rxa5 Rd1+ 31. Kg2 Rd2 32. Kf1 Rd1+ 33.
Kg2 1/2-1/2

[Event "11. Europa ch 2010 Femenino"]
[Site "Rijeka CRO"]
[Date "2010.03.12"]
[Round "7.50"]
[White "Semenova, Irina"]
[Black "Abdulla, Khayala Mardan Qizi"]
[Result "1/2-1/2"]
[WhiteElo "2272"]
[BlackElo "2141"]
[PlyCount "100"]
[EventDate "2010.03.06"]
[EventType "swiss"]
[EventRounds "11"]
[EventCountry "CRO"]
[Source "lmi"]
[SourceDate "2010.03.06"]

1. e4 c5 2. Nf3 e6 3. d4 cxd4 4. Nxd4 a6 5. Bd3 Nf6 6. O-O Qc7 7. Kh1 Nc6 8.
Nxc6 dxc6 9. Nd2 e5 10. Nc4 b5 11. Ne3 Be6 12. a4 Rd8 13. axb5 axb5 14. Qe2 Bc5
15. Qf3 O-O 16. Nf5 Ne8 17. Qg3 Bxf5 18. exf5 f6 19. f4 Bd6 20. Qf3 exf4 21.
Ra6 Rc8 22. Be4 c5 23. Rc6 Qb7 24. Rxc8 Qxc8 25. Qb3+ Kh8 26. Qxb5 Be5 27. Bxf4
Nd6 28. Qd3 c4 29. Qd5 Bxf4 30. Rxf4 Qb8 31. Rf1 Re8 32. Bf3 Re5 33. Qd2 h6 34.
g4 Ne4 35. Qd4 Ng5 36. Bg2 Qb5 37. h4 Nf7 38. Rd1 Re2 39. Qd5 Qe8 40. Qxc4 Re1+
41. Rxe1 Qxe1+ 42. Kh2 Qxh4+ 43. Kg1 Qe1+ 44. Qf1 Qe3+ 45. Qf2 Qc1+ 46. Kh2
Qxb2 47. Qe2 Ne5 48. Be4 Qc1 49. Kh3 Qa3+ 50. Kg2 Qc3 1/2-1/2

[Event "11. Europa ch 2010 Femenino"]
[Site "Rijeka CRO"]
[Date "2010.03.12"]
[Round "7.51"]
[White "Lomineishvili, Maia"]
[Black "Nemcova, Katerina"]
[Result "1-0"]
[WhiteElo "2385"]
[BlackElo "2264"]
[PlyCount "111"]
[EventDate "2010.03.06"]
[EventType "swiss"]
[EventRounds "11"]
[EventCountry "CRO"]
[Source "lmi"]
[SourceDate "2010.03.06"]

1. d4 Nf6 2. c4 g6 3. Nc3 d5 4. cxd5 Nxd5 5. e4 Nxc3 6. bxc3 c5 7. Bc4 Bg7 8.
Ne2 O-O 9. O-O Nc6 10. Be3 Na5 11. Bd3 b6 12. Qd2 e5 13. dxc5 Be6 14. Rfd1 Qc7
15. cxb6 axb6 16. Qb2 Rab8 17. Rab1 Nc4 18. Bxc4 Qxc4 19. Ng3 b5 20. Rd2 Rfc8
21. Rbd1 Bf8 22. Bg5 Ra8 23. Bf6 Bg7 24. Be7 Bf8 25. Bxf8 Kxf8 26. Rd3 Kg7 27.
a3 Qb3 28. Qd2 h6 29. f4 exf4 30. Qxf4 Qxa3 31. Ne2 Qc5+ 32. Nd4 Bc4 33. Rh3
Rh8 34. Kh1 Rae8 35. Rg3 Kh7 36. Nf3 Qe7 37. Rd4 Ra8 38. h4 h5 39. Ne5 Ra1+ 40.
Kh2 Rf1 41. Nf3 Kg7 42. Rg5 Ra8 43. Qe5+ Qxe5+ 44. Nxe5 Be6 45. Rd6 Kf6 46. Nf3
Ke7 47. Rb6 Ra3 48. Nd4 Bc4 49. Re5+ Kf8 50. Rb8+ Kg7 51. Ree8 Rf4 52. Nf3 Ra7
53. e5 f6 54. e6 Re4 55. Rb6 f5 56. Rd6 1-0

[Event "11. Europa ch 2010 Femenino"]
[Site "Rijeka CRO"]
[Date "2010.03.12"]
[Round "7.52"]
[White "Pertlova, Sona"]
[Black "Nikolova, Adriana"]
[Result "1/2-1/2"]
[WhiteElo "2262"]
[BlackElo "2348"]
[PlyCount "120"]
[EventDate "2010.03.06"]
[EventType "swiss"]
[EventRounds "11"]
[EventCountry "CRO"]
[Source "lmi"]
[SourceDate "2010.03.06"]

1. d4 d5 2. c4 c6 3. Nf3 Nf6 4. g3 Bg4 5. Ne5 Bf5 6. Nc3 e6 7. Bg2 Nbd7 8. O-O
Bd6 9. Bf4 Qb8 10. Nxd7 Nxd7 11. Bxd6 Qxd6 12. Qb3 Rb8 13. cxd5 exd5 14. e4
dxe4 15. Bxe4 Be6 16. d5 Nc5 17. Qb4 Nxe4 18. Qxe4 cxd5 19. Qa4+ Qd7 20. Qxd7+
Kxd7 21. Rfd1 Kd6 22. f4 g6 23. Nb5+ Kc6 24. a4 Kb6 25. Nc3 Rbd8 26. a5+ Kc7
27. Ra4 Rd7 28. Nb5+ Kb8 29. a6 Bg4 30. Rd2 b6 31. Rad4 Rhd8 32. Nc3 Be6 33.
Kf2 Rd6 34. b4 b5 35. Nxb5 Rxa6 36. Nc3 Kb7 37. Ne4 Rb6 38. Nf6 Rb5 39. g4 h5
40. gxh5 gxh5 41. Kg3 Kc6 42. Kh4 Rdb8 43. Kg5 Rxb4 44. Rxb4 Rxb4 45. f5 h4 46.
fxe6 fxe6 47. Ng4 a5 48. Kxh4 a4 49. Kg5 a3 50. Ra2 Ra4 51. h4 Kc5 52. Ne3 Kb4
53. Nc2+ Kb3 54. Rxa3+ Rxa3 55. Nxa3 Kxa3 56. h5 d4 57. h6 d3 58. h7 d2 59.
h8=Q d1=Q 60. Qe5 Qd5 1/2-1/2

[Event "11. Europa ch 2010 Femenino"]
[Site "Rijeka CRO"]
[Date "2010.03.12"]
[Round "7.54"]
[White "Haast, Anne"]
[Black "Cherednichenko, Svetlana"]
[Result "0-1"]
[WhiteElo "2235"]
[BlackElo "2337"]
[PlyCount "92"]
[EventDate "2010.03.06"]
[EventType "swiss"]
[EventRounds "11"]
[EventCountry "CRO"]
[Source "lmi"]
[SourceDate "2010.03.06"]

1. e4 e5 2. Nf3 d6 3. d4 exd4 4. Nxd4 Nf6 5. Nc3 Be7 6. g3 O-O 7. Bg2 Re8 8.
O-O Bf8 9. h3 c5 10. Nde2 Bd7 11. g4 Bc6 12. Ng3 b5 13. a3 Na6 14. g5 Nd7 15.
h4 Nc7 16. Nd5 Nb6 17. b3 Qc8 18. Bb2 Qb7 19. Nf6+ gxf6 20. Nh5 Nd7 21. Qg4 Ne6
22. Rae1 Nd4 23. Re3 Kh8 24. Bxd4 cxd4 25. Rg3 Re6 26. Nf4 Ne5 27. Qh5 Ng6 28.
Nxe6 fxe6 29. gxf6 Qf7 30. Qg5 e5 31. Bf3 Nf4 32. h5 Ne6 33. Qh4 Bh6 34. Kh1
Bf4 35. Rg2 Rg8 36. Rxg8+ Qxg8 37. Rg1 Bg5 38. Qh3 h6 39. Qf1 Qf7 40. a4 Qxf6
41. Bg4 Bxe4+ 42. f3 Bxc2 43. Qxb5 d3 44. Bxe6 Qxe6 45. Qb8+ Kg7 46. Qb7+ Kf6
0-1

[Event "11. Europa ch 2010 Femenino"]
[Site "Rijeka CRO"]
[Date "2010.03.12"]
[Round "7.55"]
[White "Ivakhinova, Inna"]
[Black "Tsatsalashvili, Ketevan"]
[Result "1/2-1/2"]
[WhiteElo "2218"]
[BlackElo "2326"]
[PlyCount "117"]
[EventDate "2010.03.06"]
[EventType "swiss"]
[EventRounds "11"]
[EventCountry "CRO"]
[Source "lmi"]
[SourceDate "2010.03.06"]

1. e4 c5 2. Nf3 d6 3. d4 cxd4 4. Nxd4 Nf6 5. Nc3 Nc6 6. Bg5 e6 7. Qd2 a6 8.
O-O-O Bd7 9. f3 Qa5 10. h4 Be7 11. Kb1 b5 12. Nxc6 Bxc6 13. g4 Rc8 14. Bd3 h6
15. Be3 Nd7 16. g5 h5 17. Qg2 Ne5 18. Ne2 d5 19. Nd4 dxe4 20. Nxc6 Nxc6 21.
Bxe4 O-O 22. f4 Qc7 23. g6 Bf6 24. gxf7+ Rxf7 25. Qg6 Ne7 26. Qh7+ Kf8 27. Qxh5
Ng8 28. Bg6 Qc4 29. Bc1 Rfc7 30. Qf3 Rc5 31. Rd3 b4 32. Rd7 R5c7 33. Rxc7 Qxc7
34. h5 a5 35. Qe4 Qc4 36. Qb7 Qc7 37. Qe4 Qc4 38. Qb7 Qc7 39. Qb5 Qc6 40. Qxc6
Rxc6 41. Be4 Rc5 42. Be3 Rc4 43. Bd3 Rc8 44. Bb6 Bd8 45. Bd4 Bf6 46. Be3 Ne7
47. Rd1 Nd5 48. Bd2 Kf7 49. Kc1 Bd4 50. Rf1 Ke7 51. Kd1 Bf6 52. Bc1 Nb6 53. a3
Na4 54. axb4 axb4 55. b3 Nb2+ 56. Bxb2 Bxb2 57. Ke2 Bd4 58. Kf3 Bf6 59. Re1
1/2-1/2

[Event "11. Europa ch 2010 Femenino"]
[Site "Rijeka CRO"]
[Date "2010.03.12"]
[Round "7.56"]
[White "Berke, Ana"]
[Black "Zimina, Olga"]
[Result "1/2-1/2"]
[WhiteElo "2097"]
[BlackElo "2319"]
[PlyCount "117"]
[EventDate "2010.03.06"]
[EventType "swiss"]
[EventRounds "11"]
[EventCountry "CRO"]
[Source "lmi"]
[SourceDate "2010.03.06"]

1. e4 e5 2. Nf3 Nc6 3. Bb5 a6 4. Ba4 Nf6 5. O-O b5 6. Bb3 Bc5 7. d3 O-O 8. a4
Rb8 9. Be3 d6 10. Nbd2 Bb6 11. Re1 Be6 12. axb5 axb5 13. c3 Bxe3 14. Rxe3 Bxb3
15. Qxb3 b4 16. Qc4 Rb6 17. Ree1 Qb8 18. Nf1 Qb7 19. Ne3 g6 20. h4 Rb5 21. d4
bxc3 22. bxc3 Na5 23. Qd3 Nxe4 24. dxe5 dxe5 25. Ng4 Nc5 26. Qe3 f6 27. h5 c6
28. hxg6 hxg6 29. Ngxe5 fxe5 30. Nxe5 Nab3 31. Nxg6 Nxa1 32. Ne7+ Kf7 33. Qf3+
Ke8 34. Ng6+ Kd8 35. Qxf8+ Kc7 36. Qf4+ Kb6 37. Rxa1 Qh7 38. Qb8+ Nb7 39. Nf4
Rb1+ 40. Rxb1+ Qxb1+ 41. Kh2 Qe1 42. Qh8 Qxf2 43. Qd4+ Qxd4 44. cxd4 c5 45.
dxc5+ Kxc5 46. Kh3 Nd6 47. Kh4 Kd4 48. g4 Ne4 49. Ne6+ Kd5 50. Nf8 Ke5 51. Nh7
Kf4 52. Kh5 Ng3+ 53. Kh4 Ne4 54. Nf8 Ke5 55. Ng6+ Kf6 56. Kh5 Ng3+ 57. Kh6 Nf5+
58. Kh5 Ng7+ 59. Kh6 1/2-1/2

[Event "11. Europa ch 2010 Femenino"]
[Site "Rijeka CRO"]
[Date "2010.03.12"]
[Round "7.57"]
[White "Brunello, Roberta"]
[Black "Paulet, Iosefina"]
[Result "0-1"]
[WhiteElo "2043"]
[BlackElo "2303"]
[PlyCount "68"]
[EventDate "2010.03.06"]
[EventType "swiss"]
[EventRounds "11"]
[EventCountry "CRO"]
[Source "lmi"]
[SourceDate "2010.03.06"]

1. e4 e6 2. d4 d5 3. e5 c5 4. c3 Nc6 5. Nf3 Bd7 6. a3 c4 7. Be3 Nge7 8. Nbd2
Na5 9. Be2 Nf5 10. O-O Qc7 11. Qc1 f6 12. Bd1 Be7 13. Rb1 O-O 14. Bf4 Bd8 15.
h3 Ne7 16. Re1 f5 17. Bg5 h6 18. Bxe7 Bxe7 19. Bc2 b5 20. Qd1 Nc6 21. Qe2 a5
22. Rec1 b4 23. axb4 axb4 24. Ra1 Qb6 25. Qe3 Rxa1 26. Rxa1 bxc3 27. Qxc3 Bb4
28. Qe3 Ba5 29. b3 c3 30. Nb1 Nb4 31. Qc1 Nxc2 32. Qxc2 Rc8 33. Ra2 Be8 34.
Nbd2 cxd2 0-1

[Event "11. Europa ch 2010 Femenino"]
[Site "Rijeka CRO"]
[Date "2010.03.12"]
[Round "7.58"]
[White "Mamedjarova, Zeinab"]
[Black "Yusuphanova, Saida"]
[Result "1-0"]
[WhiteElo "2289"]
[BlackElo "1843"]
[PlyCount "65"]
[EventDate "2010.03.06"]
[EventType "swiss"]
[EventRounds "11"]
[EventCountry "CRO"]
[Source "lmi"]
[SourceDate "2010.03.06"]

1. d4 d5 2. Nf3 Nc6 3. Bf4 Bg4 4. e3 e6 5. c3 Bd6 6. Bg3 Bxf3 7. gxf3 Nf6 8.
Nd2 e5 9. Bb5 exd4 10. cxd4 O-O 11. Bxc6 bxc6 12. Rc1 Rb8 13. Nb3 Bb4+ 14. Kf1
Qd7 15. Kg2 Rb6 16. Qd3 Rfb8 17. Rc2 Ne8 18. Rhc1 h5 19. e4 g5 20. exd5 h4 21.
dxc6 Qd8 22. Be5 f6 23. Qg6+ Kh8 24. Re2 Rb5 25. Bg3 hxg3 26. hxg3 Ng7 27. Qf7
g4 28. Rh1+ Rh5 29. Rxh5+ Nxh5 30. Qxh5+ Kg7 31. Qxg4+ Kf7 32. Qe6+ Kg7 33. Re4
1-0

[Event "11. Europa ch 2010 Femenino"]
[Site "Rijeka CRO"]
[Date "2010.03.12"]
[Round "7.60"]
[White "Borsuk, Angela"]
[Black "Makka, Ioulia"]
[Result "1-0"]
[WhiteElo "2338"]
[BlackElo "2180"]
[PlyCount "72"]
[EventDate "2010.03.06"]
[EventType "swiss"]
[EventRounds "11"]
[EventCountry "CRO"]
[Source "lmi"]
[SourceDate "2010.03.06"]

1. d4 d5 2. c4 c6 3. e3 Nf6 4. Nf3 Bg4 5. Nbd2 e6 6. Bd3 Nbd7 7. O-O Be7 8. b3
O-O 9. Bb2 a5 10. Qc2 Bh5 11. Ne5 Bd6 12. h3 Re8 13. f4 Nf8 14. Ndf3 Bxf3 15.
Rxf3 N6d7 16. e4 dxe4 17. Bxe4 Nf6 18. Bd3 c5 19. Rd1 Qb6 20. Qf2 Re7 21. Bb1
Qc7 22. Kh1 Ng6 23. Rfd3 cxd4 24. Nxg6 hxg6 25. Rf3 Bc5 26. Bxd4 Bxd4 27. Rxd4
Rd8 28. Rxd8+ Qxd8 29. Rd3 Rd7 30. Rxd7 Qxd7 31. Kh2 Qc7 32. g3 a4 33. Qd4 Qa5
34. bxa4 Qxa4 35. g4 Qb4 36. Bc2 Qe1 1-0

[Event "11. Europa ch 2010 Femenino"]
[Site "Rijeka CRO"]
[Date "2010.03.12"]
[Round "7.61"]
[White "Aginian, Nelly"]
[Black "Sargac, Rajna"]
[Result "1-0"]
[WhiteElo "2296"]
[BlackElo "2157"]
[PlyCount "77"]
[EventDate "2010.03.06"]
[EventType "swiss"]
[EventRounds "11"]
[EventCountry "CRO"]
[Source "lmi"]
[SourceDate "2010.03.06"]

1. e4 e6 2. d4 d5 3. exd5 exd5 4. c4 Nf6 5. Nc3 Bb4 6. Bd3 O-O 7. Nf3 Re8+ 8.
Be3 Nc6 9. O-O Be6 10. Ng5 dxc4 11. Nxe6 fxe6 12. Bxc4 Nd5 13. Ne4 Qh4 14. Bd3
Nxe3 15. fxe3 Ne7 16. Rf3 Nf5 17. Qb3 Bd6 18. Nxd6 Nxd6 19. Rh3 Qg5 20. Bxh7+
Kf8 21. e4 b6 22. Rg3 Qh6 23. Bg6 Re7 24. Rf1+ Kg8 25. e5 Nf7 26. Bxf7+ Rxf7
27. Rxf7 Kxf7 28. Qf3+ Ke7 29. Qxa8 Qc1+ 30. Kf2 Qd2+ 31. Kf3 Qd1+ 32. Ke3 Qc1+
33. Kd3 g5 34. Rf3 Qd1+ 35. Kc3 Qc1+ 36. Kb3 Qd1+ 37. Ka3 b5 38. Qf8+ Kd7 39.
Rf7+ 1-0

[Event "11. Europa ch 2010 Femenino"]
[Site "Rijeka CRO"]
[Date "2010.03.12"]
[Round "7.62"]
[White "Van Weersel, Arlette"]
[Black "Medic, Mirjana"]
[Result "0-1"]
[WhiteElo "2197"]
[BlackElo "2279"]
[PlyCount "104"]
[EventDate "2010.03.06"]
[EventType "swiss"]
[EventRounds "11"]
[EventCountry "CRO"]
[Source "lmi"]
[SourceDate "2010.03.06"]

1. e4 e6 2. d4 d5 3. Nc3 Bb4 4. e5 Ne7 5. a3 Bxc3+ 6. bxc3 c5 7. Qg4 Nf5 8. Bd3
h5 9. Qd1 Ne7 10. Nf3 c4 11. Be2 Nbc6 12. Ng5 g6 13. Nf3 Qa5 14. Bd2 Bd7 15.
Qb1 O-O-O 16. Qb2 Rdf8 17. Bg5 Nf5 18. O-O Kb8 19. Bf6 Rhg8 20. Ng5 Nh6 21. Nh7
Rc8 22. Rfb1 Rc7 23. Bg5 Nf5 24. Nf6 Rgc8 25. a4 Nce7 26. Qa3 Ng8 27. Rb4 Nxf6
28. exf6 Bc6 29. Bf4 Ka8 30. f3 Rd7 31. Rab1 Rg8 32. g4 g5 33. Be5 hxg4 34.
fxg4 Nd6 35. Qb2 Ne4 36. Rf1 Rg6 37. Qa3 Qd8 38. a5 Nxf6 39. Bf3 Ne8 40. Rfb1
f6 41. Bg3 Rgg7 42. Rb6 e5 43. dxe5 fxe5 44. Bxe5 Rge7 45. Bg3 Re6 46. R6b2 Nd6
47. Qc5 Ne4 48. Bxe4 dxe4 49. Rf1 e3 50. Rbb1 Rd2 51. Rf8 Re8 52. Rf5 Rd1+ 0-1

[Event "11. Europa ch 2010 Femenino"]
[Site "Rijeka CRO"]
[Date "2010.03.12"]
[Round "7.63"]
[White "Sandu, Mihaela"]
[Black "Baciu, Diana"]
[Result "0-1"]
[WhiteElo "2278"]
[BlackElo "2146"]
[PlyCount "60"]
[EventDate "2010.03.06"]
[EventType "swiss"]
[EventRounds "11"]
[EventCountry "CRO"]
[Source "lmi"]
[SourceDate "2010.03.06"]

1. e4 e6 2. d4 d5 3. e5 c5 4. c3 Qb6 5. Nf3 Nc6 6. a3 c4 7. Nbd2 Na5 8. g3 Bd7
9. Bh3 Be7 10. O-O O-O-O 11. Ne1 h5 12. Ndf3 Nh6 13. Rb1 Rdg8 14. Bg5 f6 15.
exf6 gxf6 16. Bxh6 Rxh6 17. Qd2 Rhh8 18. Ng2 Qd6 19. Rfe1 Nc6 20. Qe3 f5 21.
Kh1 Bf6 22. Nfh4 Nd8 23. f4 Nf7 24. Nf3 Qc7 25. Ngh4 Nd6 26. Ne5 Ne4 27. Bg2
Ba4 28. Re2 Rh7 29. Rg1 Rhg7 30. Bf3 Bxh4 0-1

[Event "11. Europa ch 2010 Femenino"]
[Site "Rijeka CRO"]
[Date "2010.03.12"]
[Round "7.64"]
[White "Toma, Katarzyna"]
[Black "Coimbra, Margarida"]
[Result "1-0"]
[WhiteElo "2259"]
[BlackElo "2123"]
[PlyCount "73"]
[EventDate "2010.03.06"]
[EventType "swiss"]
[EventRounds "11"]
[EventCountry "CRO"]
[Source "lmi"]
[SourceDate "2010.03.06"]

1. e4 e5 2. Nf3 Nc6 3. Bc4 Bc5 4. c3 Nf6 5. d3 d6 6. Bb3 a6 7. Nbd2 Ba7 8. h3
O-O 9. Nf1 Ne7 10. Ng3 Ng6 11. O-O Be6 12. d4 c6 13. Be3 Qc7 14. Re1 Rfe8 15.
dxe5 dxe5 16. Bxa7 Rxa7 17. Bxe6 Rxe6 18. Qb3 Rd6 19. Nf5 Rd7 20. Qc4 Ra8 21.
a4 a5 22. Rad1 Rad8 23. Rxd7 Rxd7 24. g3 h6 25. Kg2 Qb6 26. b4 axb4 27. cxb4
Qd8 28. a5 Rd1 29. Rxd1 Qxd1 30. b5 Qd7 31. b6 Qd8 32. Qb4 Qa8 33. Ne7+ Nxe7
34. Qxe7 Nxe4 35. Nxe5 Qxa5 36. Qxf7+ Kh8 37. Qf8+ 1-0